1993 1867 1854 1463 1954 1965 1750 1390 1129 1713 1243 1916 1895 1747 1667 1058 1355 1829 1678 1227 1336 1995 1022 1591 1660 1086 1838 1945 1691 1221 1777 1017 1205 1341 1138 1514 1760 1562 1893 1935 1456 1455 1024 1026 1091 1073 1528 1000 1939 1616 1910 1552 1639 1453 1266 1082 1409 1015 1937 1149 1290 1898 1315 1551 1239 1330 1297 1819 1996 1467 1659 1984 1086 1502 1041 1052 1876 1149 1847 1443 1868 1234 1655 1101 1324 1913 1117 1051 1896 1228 1205 1269 1230 1271 1118 1163 1489 1152 1451 BCNSPRNW ULIB Ver.6.0+V

เปลี่ยนเป็นภาษาไทย

Change to English
 แสดงรายละเอียดบรรณานุกรม
  กลับหน้าหลัก

Brief Record : Get Marc (ISO 2709) : E-mail record : QR code < ปิดหน้าต่าง
LEADER : 00000nam 2200000uu 4500
001    13399111453
003     ULIB
008    110627s||||||||th 000 0 tha d
020    9786165001298
090    นว.^bณ429ค 2554
100 0  ณารา
245 00 คุณชายธราธร/^cณารา
250    พิมพ์ครั้งที่ 4
260    กรุงเทพฯ :^bพิมพ์คำ,^c2554
300    420 หน้า
490 0  นวนิยายชุด สุภาพบุรุษจุฑาเทพ
945    ^p260^l0^i030168
995    ทศพร
999 ^a ใช้งานได้ทุกระบบ
รายการนี้ยังไม่มีแท็ก
คุณยังไม่ได้ล็อกอิน คุณสามารถมีกิจกรรมร่วมกับเว็บไซต์ได้ แต่ต้องล็อกอินก่อน ::
  ล็อกอิน

รายการสื่อสารสนเทศ

ลำดับที่ ประเภท เลขเรียก/บาร์โค้ด สถานที่ สถานะ
- ไม่พบข้อมูล -

รายการใกล้เคียง
    ผู้แต่ง [ณารา]

BibComment


ยังไม่เคยถูกคอมเมนท์

คอมเมนท์ทรัพยากรรายการนี้
  คอมเมนท์: คุณชายธราธร ณารา


 Copyright 2026. Bcnsprnw @Library